000 00654nam a22002297a 4500
999 _c7989
_d7989
001 7989
003 BD-JhCC
005 20180717103126.0
008 180217b1973 bg ||||| |||| 00| 0 ben d
035 _a(BD-JhCC)7989
040 _aBD-JhCC
_dBD-JhCC
041 _aben
082 _a301
_bSAN 1973
100 _aসাংকৃত্যায়ন, রাহুল
245 _aমানব সমাজ /
_cরাহুল সাংকৃত্যায়ন
260 _aঢাকা :
_bপ্রকাশ ভবন,
_c1973
300 _a255 p. :
_c18 cm.
650 _aSociology
650 _aSociefies
942 _2ddc
_cBK